| 000 | 00657nam a2200217Ia 4500 | ||
|---|---|---|---|
| 008 | 220216s9999 xx 000 0 und d | ||
| 100 | _aConforto E de C | ||
| 245 | 0 | _aSeasonal variations of gas exchange, relative trunk turgescence and yield in two clones of rubber tree cultivated in Votuporanga, SP, Brazil | |
| 260 |
_bActa Botanica Brasilica _c2005 |
||
| 300 | _a733-740 | ||
| 650 | _aCrop yield | ||
| 650 | _aEnvironmental factors | ||
| 650 | _aGas exchange | ||
| 650 | _aSeasonal variation | ||
| 700 | _aCavalcante J R | ||
| 700 | _aMattoso L H C | ||
| 700 | _aMoreno R M B | ||
| 700 | _aPessoa J D C | ||
| 856 | _uCAB CD | ||
| 942 | _cJS | ||
| 999 |
_c68509 _d68509 |
||